Statistics for Characters of GTA V

Click here to take the quiz!

General Stats

  • This quiz has been taken 873 times
    (617 since last reset)
  • The average score is 14 of 50

Answer Stats

Faction (Protagonists etc.)Name:% Correct
PTrevor Phillips
98%
PFranklin Clinton
98%
ProtagonistMichael De Santa
97%
ALamar Davis
78%
MCJimmy De Santa
67%
AntagonistsLester Crest
66%
Main/ Minor CharactersAmanda De Santa
63%
MCRon Jakowski
58%
MCTracey De Santa
57%
ADevin Weston
55%
ADave Norton
55%
ASteve Haines
54%
MCWade Hebert
45%
MCMartin Madrazo
33%
MCChop
30%
MCHarold 'Stretch' Joesph
30%
MCFloyd Herbert
27%
MCBrad Snider
27%
MCWei Cheng
27%
MCMolly Schultz
22%
MCTao Cheng
21%
MCDenise Clinton
20%
MCJohnny Klebitz
20%
MCCheng JR.
19%
MCSolomon Richards
19%
MCTanisha Jackson
19%
MCDebra
16%
MCChef
15%
MCFabien LaRouche
14%
MCIsiah Friedlander
12%
MCPaige Harris
11%
Online PGerald
9%
MCJay Norris
7%
MCRocco Polosi
7%
MCRickie Luckens
6%
MCGustavo Mota
6%
MCSimeon Yetarian
6%
McEddie Toh
6%
MCLaslow Jones
5%
MCPatricia Madrazo
5%
MCElwood O'Neil
4%
MCCasey
4%
MCMary-Ann Quin
4%
MCBenny
3%
MCJavier Madrazo
2%
MCThe O'Neals
1%
MCNorm Richards
1%
MCEnzo Bonelli
1%
MCMirinda Cowen
1%
Online PImponent Rage
1%

Score Distribution

Percentile by Number Answered

Percent of People with Each Score

Your Score History

You have not taken this quiz since the last reset